| Tag |
First Indicator |
Second Indicator |
Subfields |
| LEADER |
00000cam a2200000 4500 |
| 001 |
in00000038326 |
| 005 |
20151007080955.0 |
| 008 |
721127s1951 eng u |
| 010 |
|
|
|a 51013261
|
| 035 |
|
|
|a (OCoLC)00501458
|
| 035 |
|
|
|9 AAF5677AM
|
| 040 |
|
|
|c KSU
|d TXA
|d UtOrBLW
|
| 049 |
|
|
|a TXAM
|c [202044]
|
| 050 |
0 |
0 |
|a BR525
|b .H26
|
| 092 |
|
|
|a 284
|b H174p
|
| 100 |
1 |
|
|a Hall, Clarence W.
|q (Clarence Wilbur),
|d 1902-1985.
|
| 245 |
1 |
0 |
|a Protestant panorama ;
|b a story of the faith that made America free /
|c by Clarence W. Hall and Desider Holisher. With an introd. by Charles P. Taft.
|
| 264 |
|
1 |
|a New York :
|b Farrar, Straus and Young,
|c [1951]
|
| 300 |
|
|
|a 180 pages :
|b illustrations ;
|c 26 cm.
|
| 336 |
|
|
|a text
|b txt
|2 rdacontent
|
| 337 |
|
|
|a unmediated
|b n
|2 rdamedia
|
| 338 |
|
|
|a volume
|b nc
|2 rdacarrier
|
| 504 |
|
|
|a Bibliography: pages 179-180.
|
| 650 |
|
0 |
|a Protestant churches
|z United States.
|
| 651 |
|
0 |
|a United States
|x Religion.
|
| 700 |
1 |
|
|a Holisher, Desider,
|d 1901-
|
| 999 |
|
|
|a MARS
|
| 999 |
f |
f |
|s 664ddf52-3395-3284-a063-5f690e0952fd
|i 996c8e64-951f-3bf8-94dc-d3f7a1fc6b9b
|t 0
|
| 952 |
f |
f |
|p ric
|a Texas A&M University
|b Rellis Campus
|c Joint Library Facility
|d Remote Storage
|t 0
|e BR525 .H26
|h Library of Congress classification
|i unmediated -- volume
|m A14800624152
|
| 998 |
f |
f |
|a BR525 .H26
|t 0
|l Remote Storage
|